00802 a2200205 450000500170000000800410001703500100005804000250006810000330009324501430012626400310026930000130030033600500031333700230036333800310038650200710041765000280048865000580051665000220057420240809130443.0150415s mx r 000 spa d a17963 aUniagrariabspaerda1 aMendoza Aranda, Diana Milena10aAnálisis del riesgo de las acciones de mayor rentabilidad pertenecientes al sector financiero durante el periodo enero 2009 a junio 2014 aBogotábUniagrariac2014 a1 Cd-Rom aimagen móvil bidimensionalbtdi2rdacontent avideobv2rdamedia avideodiscobvd2rdacarrier aTesis (Profesional), Uniagraria. Facultad De Administración 2014 4aEnero 2009 - junio 2014 4aRiesgos - acciones de mayor rentabilidad - análisis 4aSector financiero